00365nam a22001217a 4500020001800000082001600018100004300034245007600077250001800153260004300171300002000214563000900234 a9788131754467 a658.15bVAN aVan Horne, James C. & Dhamija, Sanjay  aFinancial Management and Policy /cJames C. Van Horne, & Sanjay Dhamija a12th Edition. aNew Delhi :bPearson Education,c2015. a940p. ;c24 cm. aPBK.